000 00372nam a2200133Ia 4500
008 231129s1989||||xx |||||||||||||| ||spa||
020 _a958-95197-2-5
040 _bspa
082 _a305.42 L697
245 0 _aLibro de Oro de la Mujer en Colombia
260 _c1989
264 _aDepartamento de Divulgacion Cafam
942 _2ddc
_cBKS
999 _c19239
_d19239